01498 2200421 4500001002100000005001500021035002000036007000300056008004100059020001800100040002200118082001700140084001900157090002300176090002100199100002900220245025600249250003600505300005200541650003200593700002600625700002500651700002600676700002300702700002700725700002600752700002300778700002800801850001200829264007700841336002100918337003000939338002300969999002100992990002101013990002101034990002101055INLIS00000000085094420191028102840 a0010-0919000217ta190918s2003 yoia g ind d a979-95682-4-2 aYOPDYOGbinderda04223a306.8743 a306.8743 AMI m aDEP 306.8743 AMI m aCB-D.11 2003-7400 aAmin Muftiyanahepenulis12aMembidik anggaran peka gender, advokasi pengasuhan anak bagi perempuan pekerja di kota Yogyakarta /cpenulis, Amin Muftiyanah, Wakhit Hasim, M. Tanthowi, Sutrisnowati, Istiyatun, Sri Marpinjun, Siti Rohmani; editor, Nur Hasyim; ilustrator, Aznar Zacky acetakan pertama, September 2003 aviii, 112 halaman :bilustrasi, gambar ;c21 cm 4aHubungan orang tua dan anak0 aWakhit Hasimepenulis1 aTanthowi, Mgpenulis0 aSutrisnowatigpenulis0 aIstiyatungpenulis0 aSri Marpinjumgpenulis0 aSiti Rohmanigpenulis0 aNur Hasyimgeditor aAznar Zackygilustrator aYOPDYOG3 aYogyakarta :bLembaga Studi Pengembangan Perempuan dan Studi Anak,c2003 2rdacontentateks 2rdamediaatanpa perantara 2rdacarrieravolume aCB-D.11/2003-740 aCB-D.11/2003-726 aCB-D.11/2003-726 aCB-D.11/2003-740